• 首页
  • 本馆介绍
  • 公告通知
  • 最新文献
  • 馆藏检索
  • 电子资源
  • 读者导购
  • 参考咨询
  • 我的图书馆
  • 登录
  • 详细信息显示
  • 放入我的书架
  • 预约/预借图书
  • 作者相关作品
  • 分类相关作品
  • 丛书相关作品
  • 出版社相关作品

书目信息

  • 表格格式
  • 工作单格式
  • 卡片格式
题名:
明代的漕运
    
 
作者: 黄仁宇 著 ;张皓 , 张升 译
分册:  
出版信息: 厦门   鹭江出版社  2015
页数: 288页, [5] 页图版
开本: 21cm
丛书名:
单 册:
中图分类: F552.9
科图分类:
主题词: 漕运--Cao Yun--交通运输史--中国--明代
电子资源:
ISBN: 978-7-5459-0938-8
000 01094nam0 22002891 450
001 349602
005 20161009094747.65
010    @a978-7-5459-0938-8@dCNY39.00
100    @a20151103d2015 em y0chiy50 ea
101 0  @achi
102    @aCN@b350000
105    @aaf a 000yy
106    @ar
200 1  @a明代的漕运@AMing Dai De Cao Yun@e1368-1644@dThe grand canal during the ming dynasty@e1368-1644@f(美) 黄仁宇著@g张皓, 张升译@zeng
210    @a厦门@c鹭江出版社@d2015
215    @a288页, [5] 页图版@c图@d21cm
306    @a由联经出版事业公司授权出版
320    @a有书目
330    @a本书分为七章, 主要内容包括: 京杭大运河的背景和本文的研究目的、京杭大运河的地形概况、明代管理大运河的行政机构、漕粮运输、宫廷供应品的漕运、征税、商业、旅行和劳役等。
510 1  @aGrand canal during the ming dynasty@e1368-1644@zeng
606 0  @a漕运@ACao Yun@x交通运输史@y中国@z明代
690    @aF552.9@v5
701  0 @a黄仁宇@AHuang Ren Yu@f1918-2000@4著
702  0 @a张皓@AZhang Hao@4译
702  0 @a张升@AZhang Sheng@4译
801  0 @aCN@bTANGWEI@20160730
905    @b0885835-9@dF552.9@e11@f5
    
    明代的漕运:1368-1644=The grand canal during the ming dynasty:1368-1644/(美) 黄仁宇著/张皓, 张升译.-厦门:鹭江出版社,2015
    288页, [5] 页图版:图;21cm
    
    
    ISBN 978-7-5459-0938-8:CNY39.00
    本书分为七章, 主要内容包括: 京杭大运河的背景和本文的研究目的、京杭大运河的地形概况、明代管理大运河的行政机构、漕粮运输、宫廷供应品的漕运、征税、商业、旅行和劳役等。
●
相关链接 在E读中查询图书 在五车中查询图书 在当当中查询图书 在豆瓣中查询图书


正题名:明代的漕运     索取号:F552.9/11         预约/预借

序号 登录号 条形码 馆藏地/架位号 状态 备注
1 0885835   208858351   第一样本阅览室/ [索取号:F552.9/11] 在馆    
2 0885836   208858360   第一借阅区/ [索取号:F552.9/11] 在馆    
3 0885837   208858379   第一借阅区/ [索取号:F552.9/11] 在馆    
4 0885838   208858388   第一借阅区/ [索取号:F552.9/11] 在馆    
5 0885839   208858397   密集书库-海洋学院/ [索取号:F552.9/11] 在馆    
唐山师范学院图书馆 欢迎您!
大连网信软件有限公司© 版权所有